| 000 | 00678 a2200193 4500 | ||
|---|---|---|---|
| 003 | NUST | ||
| 005 | 20240321105620.0 | ||
| 008 | 240321b ||||| |||| 00| 0 eng d | ||
| 082 |
_a297.61 _bMAK |
||
| 100 |
_a Ahmed Sar Handi, Sheikh _9122177 |
||
| 245 |
_aIntikhab Maktoobat Sheikh Ahmed Sar Handi. _ctartib, muqaddamah by Fazlur Rahman. |
||
| 250 | _a1st. | ||
| 260 |
_aLahore. _bIqbal Academy Pakistan. _c1968. |
||
| 300 | _a271p. | ||
| 700 |
_aFazlur Rahman. _9122176 |
||
| 880 |
_6245-02\r _aانتخاب مکتوبات شیخ احمد سرھندی _cترتیب مقدمہ فضل الرحمن |
||
| 880 |
_6100-01\r _aشیخ احمد سرھندی |
||
| 942 |
_aNBS _cBK _2ddc |
||
| 999 |
_c348904 _d348904 |
||